Deutsche Ortsnamen zusammenpuzzlen - Statistiken

Allgemein
  • Dieses Quiz wurde 198 mal gespielt
  • Das Durchschnittsergebnis liegt bei 11 aus 15
Antwortstatistiken
Hint Extra Hint Antwort % Korrekt
Baden - Baden
98%
Garmisch - Partenkirchen
94%
Castrop - Rauxel
93%
Villingen - Schwenningen
89%
Idar - Oberstein
85%
Bad Neuenahr - Ahrweiler
78%
Bietigheim - Bissingen
78%
Dessau - Roßlau
78%
Rheda - Wiedenbrück
70%
Osterholz - Scharmbeck
63%
Leinfelden - Echterdingen
57%
Bitterfeld - Wolfen
55%
Mörfelden - Walldorf
52%
Henstedt - Ulzburg
51%
Blankenfelde - Mahlow
48%
Keine übereinstimmenden Quizze gefunden
Verteilung der Resultate
Anzahl Personen mit jedem Resultat
Perzentil nach korrekt beantworteten Fragen
Ihre Resultats-Entwicklung
Sie haben dieses Quiz noch nicht gespielt